[Event "HUN-chT2 Barcza 2223"]
[Site "Hungary"]
[Date "2023.04.23"]
[Round "7.6"]
[White "Gyurika, Tamas"]
[Black "Nemeth, Mark"]
[Result "1-0"]
[WhiteElo "1861"]
[BlackElo "1705"]
[PlyCount "71"]
[EventDate "2022.11.20"]
[EventType "team-tourn"]
[EventRounds "7"]
[EventCountry "HUN"]
[SourceTitle "EXT 2025"]
[Source "ChessBase"]
[SourceDate "2024.10.14"]
[SourceVersion "1"]
[SourceVersionDate "2024.10.14"]
[SourceQuality "1"]
[WhiteTeam "Nyiregyhaza VSC"]
[BlackTeam "Debrecen Sakkbaratok"]
[WhiteTeamCountry "HUN"]
[BlackTeamCountry "HUN"]

1. e4 e6 2. d4 d5 3. exd5 exd5 4. Bd3 Nf6 5. h3 Be7 6. Qf3 Nc6 7. c3 b6 8. Bf4 Bb7 9. Ne2 Bd6 10. Bg5 h6 11. Bxf6 Qxf6 12. Qxf6 gxf6 13. Nd2 0-0-0 14. 0-0-0 Rde8 15. Nf1 Ne7 16. Ne3 Ng6 17. g3 c5 18. Nf5 Bc7 19. Rhe1 Ne7 20. Ng7 Rd8 21. Ng1 Nc6 22. Nf3 Kb8 23. Bb5 Rd7 24. Ne8 Bd8 25. dxc5 bxc5 26. b4 a6 27. Bxc6 Bxc6 28. bxc5 Be7 29. Nd6 Kc7 30. Nxf7 Rb8 31. Nd6 Bxd6 32. cxd6+ Kxd6 33. Nd4 Ba4 34. Re6+ Kc5 35. Rxa6 Bxd1 36. Rc6# 1-0

[Event "HUN-chT2 Barcza 2223"]
[Site "Hungary"]
[Date "2023.03.12"]
[Round "5.8"]
[White "Karacsony, Zsolt"]
[Black "Gyurika, Tamas"]
[Result "0-1"]
[WhiteElo "1951"]
[BlackElo "1861"]
[PlyCount "38"]
[EventDate "2022.11.20"]
[EventType "team-tourn"]
[EventRounds "7"]
[EventCountry "HUN"]
[SourceTitle "EXT 2025"]
[Source "ChessBase"]
[SourceDate "2024.10.14"]
[SourceVersion "1"]
[SourceVersionDate "2024.10.14"]
[SourceQuality "1"]
[WhiteTeam "Szirmabesenyo"]
[BlackTeam "Nyiregyhaza VSC"]
[WhiteTeamCountry "HUN"]
[BlackTeamCountry "HUN"]

1. e4 e5 2. Nf3 Nc6 3. c3 Nf6 4. d4 Nxe4 5. d5 Nb8 6. Nxe5 Bc5 7. Nd3 0-0 8. Nxc5 Nxc5 9. Be3 Re8 10. Qd4 b6 11. b4 Ne4 12. Bd3 c5 13. bxc5 bxc5 14. Qa4 Nf6 15. Qh4 c4 16. Bxc4 Re4 17. Qg5 Rxc4 18. Nd2 Rg4 19. Qe5 d6 0-1

[Event "HUN-chT Region CSB"]
[Site "Hungary"]
[Date "2022.01.15"]
[Round "3.2"]
[White "Gyurika, Tamas"]
[Black "Steiner, Botond"]
[Result "1-0"]
[WhiteElo "1866"]
[BlackElo "1580"]
[PlyCount "89"]
[EventDate "2021.11.06"]
[EventType "team-swiss"]
[EventRounds "10"]
[EventCountry "HUN"]
[SourceTitle "EXT 2023"]
[Source "ChessBase"]
[SourceDate "2022.10.05"]
[SourceVersion "1"]
[SourceVersionDate "2022.10.05"]
[SourceQuality "1"]
[WhiteTeam "Sopron MAFC"]
[BlackTeam "Gyor Arrabona"]
[WhiteTeamCountry "HUN"]
[BlackTeamCountry "HUN"]

1. e4 e6 2. d4 d5 3. exd5 exd5 4. Bd3 Bd6 5. Qf3 c6 6. Ne2 Qf6 7. Bf4 Bxf4 8. Nxf4 Ne7 9. c3 0-0 10. Nd2 Bf5 11. Bxf5 Nxf5 12. 0-0-0 Nd7 13. g4 Ne7 14. Qg3 Qd6 15. h4 Ng6 16. Nxg6 Qxg6 17. Rde1 Rfe8 18. f3 c5 19. Qc7 Qc6 20. Qxc6 bxc6 21. Nb3 cxd4 22. Nxd4 Ne5 23. Re3 Kf8 24. Kc2 a6 25. Rhe1 c5 26. Rxe5 cxd4 27. cxd4 Rac8+ 28. Kd2 Rxe5 29. Rxe5 Rd8 30. Kc3 Rc8+ 31. Kd3 Rd8 32. b4 Rd6 33. a4 f6 34. Re1 Rb6 35. Kc3 Kf7 36. b5 a5 37. Kd3 Rb7 38. f4 Rb8 39. f5 Rb6 40. h5 h6 41. Re2 Rd6 42. Rc2 Ke7 43. Rc7+ Rd7 44. Rc6 Rd6 45. Ra6 1-0

[Event "HUN-chT Region CSB"]
[Site "Hungary"]
[Date "2022.01.15"]
[Round "4.2"]
[White "Illes Nagy, Nora"]
[Black "Gyurika, Tamas"]
[Result "0-1"]
[WhiteElo "1238"]
[BlackElo "1866"]
[PlyCount "66"]
[EventDate "2021.11.06"]
[EventType "team-swiss"]
[EventRounds "10"]
[EventCountry "HUN"]
[SourceTitle "EXT 2023"]
[Source "ChessBase"]
[SourceDate "2022.10.05"]
[SourceVersion "1"]
[SourceVersionDate "2022.10.05"]
[SourceQuality "1"]
[WhiteTeam "Gyor Arrabona II"]
[BlackTeam "Sopron MAFC"]
[WhiteTeamCountry "HUN"]
[BlackTeamCountry "HUN"]

1. d4 d5 2. c4 e6 3. Nc3 Nf6 4. cxd5 Nxd5 5. Nxd5 Qxd5 6. Nf3 c5 7. e3 Nc6 8. Bd3 cxd4 9. exd4 Bb4+ 10. Bd2 Bxd2+ 11. Qxd2 Bd7 12. Be2 0-0 13. 0-0 Rfd8 14. a3 Be8 15. Rfd1 Ne7 16. Rac1 Rac8 17. Rxc8 Rxc8 18. Rc1 Bc6 19. Rc5 Qd6 20. Ne5 Rd8 21. Nxc6 Nxc6 22. Rh5 Nxd4 23. Bd3 f5 24. h3 Nf3+ 25. gxf3 Qxd3 26. Qf4 Qe2 27. Qc7 Rd1+ 28. Kg2 Qf1+ 29. Kg3 Qg1+ 30. Kf4 Qh2+ 31. Kg5 Qxc7 32. f4 Rg1+ 33. Kh4 Qxf4# 0-1

[Event "HUN-chT2 Barcza 2122"]
[Site "Hungary"]
[Date "2021.10.10"]
[Round "1.6"]
[White "Gyurika, Tamas"]
[Black "Karolyfalvi, Zoltan"]
[Result "0-1"]
[WhiteElo "1809"]
[BlackElo "2112"]
[PlyCount "40"]
[EventDate "2021.10.10"]
[EventType "team-tourn"]
[EventRounds "9"]
[EventCountry "HUN"]
[SourceTitle "EXT 2025"]
[Source "ChessBase"]
[SourceDate "2024.10.14"]
[SourceVersion "1"]
[SourceVersionDate "2024.10.14"]
[SourceQuality "1"]
[WhiteTeam "Nyiregyhaza VSC II"]
[BlackTeam "Kazincbarcika"]
[WhiteTeamCountry "HUN"]
[BlackTeamCountry "HUN"]

1. e4 c6 2. d4 d5 3. exd5 cxd5 4. Bd3 Nc6 5. Nf3 Bg4 6. c3 e6 7. Bf4 Bd6 8. Bg3 Nf6 9. Nbd2 0-0 10. 0-0 Bxg3 11. fxg3 e5 12. dxe5 Nxe5 13. Qc2 Bxf3 14. Nxf3 Qb6+ 15. Nd4 Rac8 16. Bf5 Rc7 17. Rae1 Nc4 18. b3 Nd6 19. Kh1 Nfe4 20. Re3 Qxd4 0-1

[Event "SVK-ch Amateur"]
[Site "Topolcany"]
[Date "2020.07.11"]
[Round "3"]
[White "Gyurika, Tamas"]
[Black "Nikanova, Ekaterina"]
[Result "0-1"]
[WhiteElo "1851"]
[BlackElo "2116"]
[PlyCount "42"]
[EventDate "2020.07.10"]
[EventType "swiss"]
[EventRounds "7"]
[EventCountry "SVK"]
[SourceTitle "EXT 2021"]
[Source "ChessBase"]
[SourceDate "2020.10.23"]
[SourceVersion "1"]
[SourceVersionDate "2020.10.23"]
[SourceQuality "1"]

1. e4 c5 2. Nc3 g6 3. f4 Bg7 4. Nf3 Nc6 5. Bc4 e6 6. 0-0 Nge7 7. d3 0-0 8. Qe1 Nd4 9. f5 Nec6 10. Qg3 d5 11. f6 Bxf6 12. exd5 Nxf3+ 13. Rxf3 Bh4 14. Qf4 e5 15. Qxf7+ Rxf7 16. dxc6 Bf5 17. Bh6 bxc6 18. Ne4 Qd4+ 19. Re3 Bxe4 20. Bxf7+ Kxf7 21. dxe4 g5 0-1

[Event "HUN-ch U14"]
[Site "Balatonlelle"]
[Date "2019.06.24"]
[Round "4"]
[White "Gyurika, Tamas"]
[Black "Farkas, Otto Jr"]
[Result "1-0"]
[WhiteElo "1643"]
[BlackElo "1859"]
[PlyCount "59"]
[EventDate "2019.06.21"]
[EventType "swiss"]
[EventRounds "9"]
[EventCountry "HUN"]
[SourceTitle "CBM 191 Extra"]
[Source "ChessBase"]
[SourceDate "2019.09.30"]
[SourceVersion "1"]
[SourceVersionDate "2019.09.30"]
[SourceQuality "1"]

1. e4 Nf6 2. Nc3 d5 3. e5 Nfd7 4. d4 c5 5. dxc5 e6 6. Nf3 Nc6 7. Bf4 Bxc5 8. Bd3 h6 9. Qd2 a6 10. 0-0 g5 11. Bg3 Be7 12. Ne2 g4 13. Nfd4 Ndxe5 14. Nxc6 Nxc6 15. Qc3 Bf6 16. Qc5 Bd7 17. Nf4 Bd4 18. Qa3 Qe7 19. Qa4 Be5 20. Rfe1 Qg5 21. Bb5 Rc8 22. Bxc6 Bxc6 23. Qb4 a5 24. Qd2 Rg8 25. Rad1 Bxf4 26. Bxf4 Qf6 27. Be5 Qg6 28. Qxa5 Qxc2 29. Qb4 Qf5 30. Qc5 1-0

[Event "HUN-ch U14"]
[Site "Balatonlelle"]
[Date "2019.06.21"]
[Round "1"]
[White "Gyurika, Tamas"]
[Black "Pasti, Aron"]
[Result "0-1"]
[WhiteElo "1643"]
[BlackElo "2193"]
[PlyCount "50"]
[EventDate "2019.06.21"]
[EventType "swiss"]
[EventRounds "9"]
[EventCountry "HUN"]
[SourceTitle "CBM 191 Extra"]
[Source "ChessBase"]
[SourceDate "2019.09.30"]
[SourceVersion "1"]
[SourceVersionDate "2019.09.30"]
[SourceQuality "1"]

1. e4 e5 2. Nf3 Nc6 3. d4 exd4 4. Bc4 Nf6 5. e5 d5 6. Bb5 Ne4 7. Nxd4 Bc5 8. 0-0 0-0 9. Bxc6 bxc6 10. f3 Ng5 11. Nc3 Ne6 12. Be3 f6 13. exf6 Qxf6 14. Nce2 Ba6 15. c3 Bxe2 16. Qxe2 Nxd4 17. Bxd4 Bxd4+ 18. cxd4 Qxd4+ 19. Kh1 Rfe8 20. Qc2 Qf6 21. Rac1 Re6 22. Qb3 Rae8 23. Qb7 Qg5 24. Qxc7 Qxc1 25. Qb7 Qg5 0-1

[Event "HUN-chT4a 1819"]
[Site "Hungary"]
[Date "2019.01.12"]
[Round "5.4"]
[White "Gyurika, Tamas"]
[Black "Balogh, Szabolcs"]
[Result "0-1"]
[WhiteElo "1775"]
[BlackElo "1865"]
[PlyCount "94"]
[EventDate "2018.10.06"]
[EventType "team-tourn"]
[EventRounds "9"]
[EventCountry "HUN"]
[SourceTitle "EXT 2020"]
[Source "ChessBase"]
[SourceDate "2019.10.17"]
[SourceVersion "1"]
[SourceVersionDate "2019.10.17"]
[SourceQuality "1"]
[WhiteTeam "Lovo"]
[BlackTeam "Gyor Bastya"]
[WhiteTeamCountry "HUN"]
[BlackTeamCountry "HUN"]

1. e4 c5 2. f4 Nc6 3. Nf3 g6 4. Nc3 Bg7 5. Bc4 e6 6. 0-0 Nge7 7. Re1 0-0 8. e5 d5 9. exd6 Qxd6 10. Nb5 Qb8 11. d3 a6 12. Nc3 b5 13. Bb3 Nd4 14. Ne4 Qc7 15. Be3 Nd5 16. Bxd4 cxd4 17. g3 Bb7 18. Qe2 Qb6 19. Ne5 Rad8 20. h4 Nf6 21. Nxf6+ Bxf6 22. Ng4 Bg7 23. Nf2 Rde8 24. Nh3 Qc6 25. Qh2 e5 26. fxe5 Bxe5 27. Ng5 Kg7 28. Rf1 Bxg3 29. Qxg3 Re3 30. Qh2 f6 31. Ne4 f5 32. Qe5+ Kh6 33. Qf4+ Kg7 34. Qe5+ Kh6 35. Qf4+ Kg7 36. Rae1 Re8 37. Rxe3 dxe3 38. Qxe3 Re7 39. Qd4+ Kh6 40. Qe3+ Kg7 41. Rf4 fxe4 42. Qd4+ Kh6 43. h5 exd3 44. Bd5 Qxd5 45. Qxd5 Bxd5 46. cxd3 Bxa2 47. hxg6 hxg6 0-1

[Event "HUN-chT4 Chalupetzky 1819"]
[Site "Hunagry"]
[Date "2018.12.16"]
[Round "4.1"]
[White "Gyurika, Tamas"]
[Black "Petrecz, Gyula"]
[Result "1-0"]
[WhiteElo "1782"]
[BlackElo "1767"]
[PlyCount "81"]
[EventDate "2018.10.14"]
[EventType "team-tourn"]
[EventRounds "10"]
[EventCountry "HUN"]
[SourceTitle "EXT 2020"]
[Source "ChessBase"]
[SourceDate "2019.10.17"]
[SourceVersion "1"]
[SourceVersionDate "2019.10.17"]
[SourceQuality "1"]
[WhiteTeam "Lovo"]
[BlackTeam "Toltestava Tornado"]
[WhiteTeamCountry "HUN"]
[BlackTeamCountry "HUN"]

1. e4 d5 2. exd5 Nf6 3. Bc4 Nxd5 4. d4 Nc6 5. Nf3 Bg4 6. c3 e6 7. Nbd2 Bd6 8. 0-0 0-0 9. Ne4 Nce7 10. h3 Bh5 11. Re1 h6 12. Be2 Nf4 13. Bf1 Bg6 14. Nxd6 Qxd6 15. Ne5 Nfd5 16. c4 Nb4 17. a3 Nbc6 18. Nxc6 Nxc6 19. d5 Rad8 20. Bxh6 exd5 21. cxd5 Qf6 22. Qc1 Rxd5 23. Bc4 Re5 24. Be3 Rfe8 25. Qc3 Qh4 26. Rad1 R5e7 27. Rd5 Ne5 28. Bd4 Nf3+ 29. Qxf3 Rxe1+ 30. Kh2 Be4 31. Qxf7+ Kxf7 32. Rh5+ Kg6 33. Rxh4 Kg5 34. Rg4+ Kh6 35. Bxg7+ Kh7 36. Bc3 Rd1 37. Bf7 Rd6 38. Rg7+ Kh6 39. Bxe8 c5 40. g4 Rd3 41. g5# 1-0

[Event "HUN-chT4 Chalupetzky 1718"]
[Site "Hungary"]
[Date "2018.03.11"]
[Round "7.4"]
[White "Kadi, Richard"]
[Black "Gyurika, Tamas"]
[Result "1-0"]
[WhiteElo "1808"]
[BlackElo "1693"]
[PlyCount "59"]
[EventDate "2017.10.15"]
[EventType "team-tourn"]
[EventRounds "7"]
[EventCountry "HUN"]
[SourceTitle "EXT 2019"]
[Source "ChessBase"]
[SourceDate "2018.10.10"]
[SourceVersion "1"]
[SourceVersionDate "2018.10.10"]
[SourceQuality "1"]
[WhiteTeam "Gyor Szechenyi"]
[BlackTeam "Lovo"]
[WhiteTeamCountry "HUN"]
[BlackTeamCountry "HUN"]

1. Nf3 Nf6 2. b3 g6 3. Bb2 Bg7 4. e3 0-0 5. c4 c5 6. d4 b6 7. Nc3 Bb7 8. Be2 cxd4 9. exd4 d5 10. 0-0 Nbd7 11. Rc1 Rc8 12. Re1 Re8 13. Bd3 Nf8 14. cxd5 Bxd5 15. Nxd5 Nxd5 16. Bb5 Nd7 17. Ne5 Rxc1 18. Qxc1 Nxe5 19. dxe5 Rf8 20. Rd1 Qa8 21. Bc6 Nf4 22. Bxa8 Ne2+ 23. Kf1 Nxc1 24. Be4 Nxa2 25. Ra1 Nb4 26. Rxa7 Rc8 27. Rxe7 Nc6 28. Bxc6 Rxc6 29. Re8+ Bf8 30. Ba3 1-0

[Event "HUN-chT4 Chalupetzky 1718"]
[Site "Hungary"]
[Date "2018.01.21"]
[Round "5.4"]
[White "Gyurika, Tamas"]
[Black "Bokrossy, Bela"]
[Result "1-0"]
[WhiteElo "1693"]
[BlackElo "1547"]
[PlyCount "39"]
[EventDate "2017.10.15"]
[EventType "team-tourn"]
[EventRounds "7"]
[EventCountry "HUN"]
[SourceTitle "EXT 2019"]
[Source "ChessBase"]
[SourceDate "2018.10.10"]
[SourceVersion "1"]
[SourceVersionDate "2018.10.10"]
[SourceQuality "1"]
[WhiteTeam "Lovo"]
[BlackTeam "Fertoszentmiklos"]
[WhiteTeamCountry "HUN"]
[BlackTeamCountry "HUN"]

1. e4 e5 2. Nf3 d6 3. d4 exd4 4. Bc4 Be6 5. Bxe6 fxe6 6. Nxd4 e5 7. Ne6 Qe7 8. Qd5 Nc6 9. Bg5 Nf6 10. Bxf6 gxf6 11. Nc3 a6 12. Qc4 Kd7 13. Nxc7 Rc8 14. N7d5 Qd8 15. Qd3 Nd4 16. f4 Rc6 17. fxe5 fxe5 18. Qh3+ Ke8 19. 0-0 Qg5 20. Nf6+ 1-0

[Event "Gyor Mobilis Amateur op"]
[Site "Gyor"]
[Date "2016.12.18"]
[Round "4"]
[White "Janosik, Mate"]
[Black "Gyurika, Tamas"]
[Result "0-1"]
[WhiteElo "1416"]
[BlackElo "1421"]
[PlyCount "78"]
[EventDate "2016.12.17"]
[EventType "swiss"]
[EventRounds "6"]
[EventCountry "HUN"]
[SourceTitle "EXT 2025"]
[Source "ChessBase"]
[SourceDate "2024.10.14"]
[SourceVersion "1"]
[SourceVersionDate "2024.10.14"]
[SourceQuality "1"]

1. e4 e5 2. Nf3 Nc6 3. d4 exd4 4. Nxd4 Bc5 5. Nb3 Bb6 6. Nc3 Nf6 7. Bg5 h6 8. Bh4 g5 9. Bg3 Qe7 10. Qe2 d6 11. 0-0-0 Bd7 12. h4 0-0-0 13. Na4 Nxe4 14. Nxb6+ axb6 15. Nd4 Nxg3 16. fxg3 Qxe2 17. Bxe2 Nxd4 18. Rxd4 Be6 19. Re1 Rde8 20. Bg4 Bxg4 21. Rxe8+ Rxe8 22. Rxg4 f6 23. Kd2 Re5 24. Kd3 Kd7 25. c4 c5 26. Re4 Ke6 27. h5 Rxe4 28. Kxe4 f5+ 29. Ke3 d5 30. b3 Ke5 31. cxd5 Kxd5 32. a4 Ke5 33. Kd3 f4 34. g4 Kd5 35. Kc3 Ke4 36. b4 Ke3 37. bxc5 bxc5 38. Kc4 Kf2 39. Kxc5 Kxg2 0-1

[Event "Gyor op-B 7th"]
[Site "Gyor"]
[Date "2016.07.09"]
[Round "6"]
[White "Papp, Gabor2"]
[Black "Gyurika, Tamas"]
[Result "1-0"]
[WhiteElo "1775"]
[BlackElo "1370"]
[PlyCount "103"]
[EventDate "2016.07.06"]
[EventType "swiss"]
[EventRounds "9"]
[EventCountry "HUN"]
[SourceTitle "EXT 2017"]
[Source "ChessBase"]
[SourceDate "2016.10.25"]
[SourceVersion "1"]
[SourceVersionDate "2016.10.25"]
[SourceQuality "1"]

1. e4 e5 2. Nf3 Nc6 3. Bb5 d6 4. Bxc6+ bxc6 5. d4 Bg4 6. dxe5 dxe5 7. Qe2 Nf6 8. 0-0 Bxf3 9. Qxf3 Bd6 10. Bg5 0-0 11. Rd1 Qe7 12. Nd2 Rab8 13. b3 Rfd8 14. Nc4 Bc5 15. c3 Rxd1+ 16. Rxd1 Rd8 17. Rxd8+ Qxd8 18. Nxe5 Qd6 19. Bxf6 gxf6 20. Nc4 Qe6 21. h3 Kh8 22. Qf5 Bb6 23. Kf1 Kg7 24. g4 Qe8 25. Ke2 Qe7 26. b4 Qe6 27. Qxe6 fxe6 28. a4 a6 29. Nxb6 cxb6 30. Ke3 Kg6 31. b5 axb5 32. axb5 cxb5 33. Kd4 Kf7 34. e5 Kg6 35. exf6 Kxf6 36. Ke4 Kg5 37. Ke5 Kh4 38. Kxe6 Kxh3 39. Kf5 Kg2 40. f4 Kf3 41. Kg5 h6+ 42. Kf5 Ke3 43. g5 hxg5 44. fxg5 Kd3 45. g6 Kxc3 46. g7 Kb4 47. g8Q Ka4 48. Qa2+ Kb4 49. Ke4 Kc5 50. Kd3 Kb4 51. Qb2+ Ka5 52. Qa3# 1-0